| 000 | 01336cam a22003615a 4500 | ||
|---|---|---|---|
| 001 | 010697756 | ||
| 003 | EG-ScBUE | ||
| 005 | 20220413103204.0 | ||
| 008 | 031117s1997 enka f bd 001 0 eng d | ||
| 020 | _a0582298377 | ||
| 020 | _a9780582298378 | ||
| 040 |
_aDLC _beng _erda _cDLC _dEG-ScBUE |
||
| 082 | 0 | 4 |
_222 _a410.285 _bCOR |
| 245 | 0 | 0 |
_aCorpus annotation : _blinguistic information from computer text corpora / _cRoger Garside, Geoffrey Leech, Anthony McEnery, editors. |
| 250 | _aa Pearson education print on demand edition. | ||
| 264 | 1 |
_aHarlow, England ; _aNew York : _bLongman, _c1997. |
|
| 300 |
_ax, 281 pages : _billustrations ; _c22 cm. |
||
| 336 |
_2rdacontent _atext _btxt |
||
| 337 |
_2rdamedia _aunmediated _bn |
||
| 338 |
_2rdacarrier _avolume _bnc |
||
| 500 | _aIncludes glossary. | ||
| 504 | _aIncludes bibliographical references and index. | ||
| 650 | 7 |
_aLinguistics _xNotation. _2BUEsh _941022 |
|
| 650 | 7 |
_aOral communication _xData processing. _2BUEsh _941021 |
|
| 650 | 7 |
_94459 _aComputational linguistics. _2BUEsh |
|
| 651 | _2BUEsh | ||
| 653 |
_bHHUUEENN _cSeptember2016 |
||
| 655 |
_vReading book _934232 |
||
| 700 | 1 |
_aGarside, Roger‏, _941023 _eeditor. |
|
| 700 | 1 |
_aLeech, Geoffrey N., _940306 _eeditor. |
|
| 700 | 1 |
_aMcEnery, Tony, _941005 _d1964- _eeditor. |
|
| 942 |
_2ddc _e22 _k410.285 COR _cBB |
||
| 999 |
_c22301 _d22273 |
||